000 01175nam2a22002411 4500
001 rc\3515982
005 20250610013525.0
035 _a(NLR Aleph) 007620879
090 _a5919481
_c5919481
100 _a20130115d1974 |||y0rusy50 ca
101 0 _arus
102 _aRU
105 _ay z |||||
200 1 _aОрганизация внутрихозяйственного расчета в тракторно-полеводческих бригадах
210 _aЧелябинск
_cЮж.-Урал. кн. изд-во
_d1974
461 0 _1001rc\3515978
_12001#$aБиблиотека экономиста и организатора сельскохозяйственного производства$e[1-6]$v[4]
_95919442
_cЧелябинск
_d1974
_nЮж.-Урал. кн. изд-во
_o[1-6]
_p6 т. в обертке с загл. сер.
_tБиблиотека экономиста и организатора сельскохозяйственного производства
_v[4]
700 1 _aЧернев
_bМ.П.
701 1 _aХарлов
_bИ.Е.
801 0 _aRU
_bNLR
_gpsbo
801 1 _aRU
_bELAR
_2rusmarc
852 _aNLR
_j74-2/2423
942 _cBOOK
980 _aNB